000
00256nam a2200097Ia 4500
008
240331s9999 xx 000 0 und d
082
_b
BAL
100
_a
Balasuriya, Tissa
245
0
_a
Development and under-development in Sri Lanka 1977-1985 :
_b
-
942
_c
L
999
_c
2668
_d
2668